Zig Wheels Auto Tech (Record no. 332389)
[ view plain ]
| 000 -LEADER | |
|---|---|
| fixed length control field | 00464nam a2200157Ia 4500 |
| 008 - FIXED-LENGTH DATA ELEMENTS--GENERAL INFORMATION | |
| fixed length control field | 230718s9999 xx 000 0 und d |
| 020 ## - INTERNATIONAL STANDARD BOOK NUMBER | |
| International Standard Book Number | 9789382299219 |
| 041 ## - LANGUAGE CODE | |
| Language code of text/sound track or separate title | eng |
| 082 ## - DEWEY DECIMAL CLASSIFICATION NUMBER | |
| Classification number | 629.2 |
| Item number | DAR |
| 100 ## - MAIN ENTRY--PERSONAL NAME | |
| Personal name | Darukhanawala A.J. (Editor) |
| 9 (RLIN) | 194547 |
| 245 ## - TITLE STATEMENT | |
| Title | Zig Wheels Auto Tech |
| 260 ## - PUBLICATION, DISTRIBUTION, ETC. (IMPRINT) | |
| Name of publisher, distributor, etc. | Bennett,Coleman And Co. Ltd. |
| 365 ## - TRADE PRICE | |
| Currency code | Rs. |
| Price amount | 700.00 |
| 700 ## - ADDED ENTRY--PERSONAL NAME | |
| Personal name | Darukhanawala A.J. (Editor) |
| 9 (RLIN) | 194547 |
| 906 ## - LOCAL DATA ELEMENT F, LDF (RLIN) | |
| d | O:0337717-Jun-2013B:305402-Apr-2013 |
| c | MECH |
| b | 154 |
| Withdrawn status | Lost status | Damaged status | Not for loan | Home library | Current library | Date acquired | Vendor | Budget Code | Cost, normal purchase price | Bill number | Total Checkouts | Full call number | Barcode | Date last seen | Discount | Cost, replacement price | Bill Date | Koha item type | Original Barcode |
|---|---|---|---|---|---|---|---|---|---|---|---|---|---|---|---|---|---|---|---|
| Cummins College of Engineering for Women Pune | Cummins College of Engineering for Women Pune | 17/06/2013 | Technical Book Services | MECH | 546.00 | 3054 | 629.2 | CCEP-BK-43596 | 18/07/2023 | 154 | 700.00 | 02/04/2013 | Books | 043596 |